[Event "Alicante Dama Negra 4th"]
[Site "Alicante"]
[Date "2023.12.29"]
[Round "7"]
[White "Granero Roca, Antonio"]
[Black "Domingo Nunez, Alejandro"]
[Result "0-1"]
[WhiteElo "2273"]
[BlackElo "2313"]
[PlyCount "82"]
[EventDate "2023.12.26"]
[EventType "swiss"]
[EventRounds "9"]
[EventCountry "ESP"]
[SourceTitle "CB01_2024"]
[SourceDate "2024.01.03"]
[SourceVersion "1"]
[SourceVersionDate "2024.01.03"]
[SourceQuality "1"]

1. d4 d6 2. Nf3 Nd7 3. c4 g6 4. Nc3 Bg7 5. e4 e5 6. d5 Bh6 7. Bxh6 Nxh6 8. Qd2 Ng8 9. Be2 Ngf6 10. 0-0 Nc5 11. Qe3 Ng4 12. Qc1 a5 13. h3 Nf6 14. Qe3 Qe7 15. Nd2 0-0 16. b3 Bd7 17. a3 Na6 18. Rab1 c5 19. f4 exf4 20. Rxf4 Ne8 21. Rbf1 Ng7 22. R4f2 Rae8 23. Qg3 f5 24. Kh1 Nc7 25. Qh2 Rd8 26. Bd3 Nh5 27. Be2 Ng7 28. Bd1 b5 29. Re1 b4 30. axb4 axb4 31. Ncb1 Rde8 32. e5 dxe5 33. Nf3 Qd6 34. Nxe5 f4 35. Rxf4 Bf5 36. Rff1 Bxb1 37. Nc6 Rxf1+ 38. Rxf1 Nf5 39. Bg4 Ng3+ 40. Kg1 Bd3 41. Ra1 Qf4 0-1

[Event "Alicante Dama Negra 4th"]
[Site "Alicante"]
[Date "2023.12.29"]
[Round "6"]
[White "Lopez Varela, Pablo"]
[Black "Granero Roca, Antonio"]
[Result "1-0"]
[WhiteElo "2330"]
[BlackElo "2273"]
[PlyCount "125"]
[EventDate "2023.12.26"]
[EventType "swiss"]
[EventRounds "9"]
[EventCountry "ESP"]
[SourceTitle "CB01_2024"]
[SourceDate "2024.01.03"]
[SourceVersion "1"]
[SourceVersionDate "2024.01.03"]
[SourceQuality "1"]

1. e4 c5 2. c3 Nf6 3. e5 Nd5 4. d4 cxd4 5. Nf3 Nc6 6. Bc4 Nb6 7. Bb3 d5 8. exd6 Qxd6 9. 0-0 Be6 10. Na3 a6 11. Bxe6 Qxe6 12. Nxd4 Nxd4 13. Qxd4 Rd8 14. Qh4 Qc6 15. Nc2 e6 16. Nd4 Qd5 17. Bg5 Rd7 18. Rad1 Be7 19. Bxe7 Rxe7 20. Rfe1 Qc5 21. b4 Qc7 22. Qg5 Kf8 23. Nf5 f6 24. Qg3 Qxg3 25. hxg3 Re8 26. Nd6 Rd8 27. Nxb7 Rxd1 28. Rxd1 Ke7 29. Nc5 Ra8 30. f4 Rc8 31. Re1 Rc6 32. Nxa6 Na4 33. b5 Rxc3 34. Re4 Ra3 35. Nc7 Nc5 36. Re2 Kd7 37. b6 Ra4 38. Rb2 Nb7 39. Rd2+ Ke7 40. Re2 Kf7 41. Nxe6 Rb4 42. f5 g6 43. Rc2 Rxb6 44. Rc7+ Ke8 45. Rxh7 gxf5 46. Nc7+ Kd8 47. Nd5 Rb1+ 48. Kh2 Nc5 49. Nxf6 Rb2 50. Ra7 Kc8 51. Ra5 Ne6 52. Nd5 Nd4 53. Kh3 Kd7 54. Ne3 Ke6 55. Re5+ Kf6 56. Rd5 Rb4 57. Rxf5+ Nxf5 58. Nd5+ Kg5 59. Nxb4 Nd4 60. a4 Nb3 61. Nc6 Nc5 62. a5 Na6 63. g4 1-0

[Event "Benidorm Bali op-A"]
[Site "Benidorm"]
[Date "2023.12.08"]
[Round "9"]
[White "Ereza Vizcarra, Fernando"]
[Black "Granero Roca, Antonio"]
[Result "0-1"]
[WhiteElo "2116"]
[BlackElo "2273"]
[PlyCount "124"]
[EventDate "2023.12.01"]
[EventType "swiss"]
[EventRounds "9"]
[EventCountry "ESP"]
[SourceTitle "CB50_2023"]
[SourceDate "2023.12.13"]
[SourceVersion "1"]
[SourceVersionDate "2023.12.13"]
[SourceQuality "1"]

1. d4 Nf6 2. Nf3 g6 3. c4 Bg7 4. Nc3 d6 5. e4 0-0 6. h3 e5 7. d5 a5 8. Be3 Na6 9. a3 Bd7 10. Nd2 Qe8 11. b3 Nh5 12. g4 Nf4 13. Qc2 c6 14. Na4 cxd5 15. Nb6 d4 16. Bxf4 exf4 17. Nxa8 d3 18. Qb1 Bxa1 19. Qxa1 Qxa8 20. Bxd3 Nc5 21. Bc2 Qd8 22. Qd4 Bc6 23. h4 Qe7 24. Kd1 Re8 25. f3 Ne6 26. Qc3 Qc7 27. h5 Qb6 28. hxg6 fxg6 29. Qf6 Qc5 30. b4 axb4 31. axb4 Qe5 32. Qxe5 dxe5 33. Nb3 Ba4 34. Na5 Bxc2+ 35. Kxc2 Nd4+ 36. Kc3 b6 37. Nb7 Ra8 38. c5 b5 39. Na5 Nxf3 40. Nc6 Kg7 41. Rd1 Ra3+ 42. Kb2 Re3 43. Na5 Re2+ 44. Kc3 Ng5 45. c6 Nxe4+ 46. Kb3 Re3+ 47. Kb2 Rc3 48. Re1 f3 49. Rxe4 f2 50. Kxc3 f1Q 51. Re3 Qc1+ 52. Kd3 Qd1+ 53. Ke4 Qd4+ 54. Kf3 Qf4+ 55. Ke2 Qxg4+ 56. Kd2 Qd4+ 57. Rd3 Qb2+ 58. Kd1 Qb1+ 59. Kd2 Qb2+ 60. Kd1 Qxb4 61. Rd7+ Kf6 62. c7 Qg4+ 0-1

[Event "Benidorm Bali op-A"]
[Site "Benidorm"]
[Date "2023.12.06"]
[Round "7"]
[White "Ambartsumian, Tyhran"]
[Black "Granero Roca, Antonio"]
[Result "1-0"]
[WhiteElo "2138"]
[BlackElo "2273"]
[PlyCount "87"]
[EventDate "2023.12.01"]
[EventType "swiss"]
[EventRounds "9"]
[EventCountry "ESP"]
[SourceTitle "CB50_2023"]
[SourceDate "2023.12.13"]
[SourceVersion "1"]
[SourceVersionDate "2023.12.13"]
[SourceQuality "1"]

1. e4 c5 2. Nc3 d6 3. f4 Nc6 4. Nf3 g6 5. Bc4 Bg7 6. 0-0 Nf6 7. d3 0-0 8. Qe1 Nd4 9. Nxd4 cxd4 10. Nb5 a6 11. Nxd4 Qb6 12. c3 e5 13. fxe5 dxe5 14. Be3 Ng4 15. Nf5 Nxe3 16. Qxe3 Qxb2 17. Nxg7 Kxg7 18. d4 Qb6 19. Bd5 Rb8 20. Rab1 Qc7 21. c4 Be6 22. Rb2 Bxd5 23. cxd5 Rbe8 24. Rbf2 exd4 25. Qxd4+ Qe5 26. Qb6 Re7 27. Rf4 Rc8 28. Qf2 Rf8 29. Kh1 Rc7 30. h4 h6 31. Qg3 Kg8 32. Qg4 h5 33. Qf3 b5 34. Rf6 Kg7 35. Rxa6 Rc4 36. Re6 Qd4 37. Re7 Rcc8 38. Rxf7+ Rxf7 39. Qxf7+ Kh6 40. Qf4+ Kg7 41. d6 b4 42. e5 Qxf4 43. Rxf4 Re8 44. d7 1-0

[Event "Montserrat op"]
[Site "Montserrat"]
[Date "2023.09.02"]
[Round "8"]
[White "Luque Saiz, Andres"]
[Black "Granero Roca, Antonio"]
[Result "1/2-1/2"]
[WhiteElo "2318"]
[BlackElo "2305"]
[PlyCount "56"]
[EventDate "2023.08.28"]
[EventType "swiss"]
[EventRounds "9"]
[EventCountry "ESP"]
[SourceTitle "EXT 2024"]
[Source "ChessBase"]
[SourceDate "2023.10.10"]
[SourceVersion "1"]
[SourceVersionDate "2023.10.10"]
[SourceQuality "1"]

1. e4 c6 2. Nc3 d5 3. d4 dxe4 4. Nxe4 Bf5 5. Ng3 Bg6 6. Nh3 e6 7. Nf4 Bd6 8. h4 Bxf4 9. Bxf4 h6 10. c3 Nf6 11. Bc4 Nbd7 12. h5 Bh7 13. 0-0 0-0 14. a4 a5 15. Re1 Re8 16. Qf3 Nd5 17. Bd2 Qh4 18. Ne4 N7f6 19. Bxd5 Nxd5 20. c4 Ne7 21. g3 Qh3 22. Nd6 Rf8 23. Bc3 b6 24. c5 Nd5 25. cxb6 Nxb6 26. Qxc6 Nd5 27. Re5 Qg4 28. Rae1 Bd3 1/2-1/2

[Event "Montserrat op"]
[Site "Montserrat"]
[Date "2023.08.31"]
[Round "5"]
[White "Alberola Mulet, Benjamin"]
[Black "Granero Roca, Antonio"]
[Result "0-1"]
[WhiteElo "1937"]
[BlackElo "2305"]
[PlyCount "112"]
[EventDate "2023.08.28"]
[EventType "swiss"]
[EventRounds "9"]
[EventCountry "ESP"]
[SourceTitle "EXT 2024"]
[Source "ChessBase"]
[SourceDate "2023.10.10"]
[SourceVersion "1"]
[SourceVersionDate "2023.10.10"]
[SourceQuality "1"]

1. d4 Nf6 2. Bf4 g6 3. e3 d6 4. Nf3 Bg7 5. Be2 Nbd7 6. h3 c5 7. Nbd2 b6 8. 0-0 0-0 9. c3 Bb7 10. Bh2 Qc7 11. a4 a6 12. Re1 Ne4 13. Nxe4 Bxe4 14. Nd2 Bb7 15. Bf3 b5 16. Bxb7 Qxb7 17. Qf3 Qxf3 18. Nxf3 Rfb8 19. a5 Rc8 20. Nd2 Rab8 21. Kf1 b4 22. Rec1 f5 23. Ke2 Kf7 24. Kd3 Rb7 25. c4 cxd4 26. exd4 e5 27. f3 Bh6 28. Rd1 Re8 29. Re1 Rc7 30. b3 Rcc8 31. Re2 exd4 32. Bxd6 Re3+ 33. Rxe3 dxe3 34. Nf1 Ke6 35. Bxb4 Rb8 36. Ra4 f4 37. Ke2 Ne5 38. c5 Nc6 39. Bc3 Rxb3 40. Ba1 Kd5 41. Bf6 Rb5 42. g3 fxg3 43. Nxg3 Rxa5 44. Rxa5 Nxa5 45. Ne4 Nc4 46. h4 a5 47. c6 Kxc6 48. Kd3 Nd6 49. Ng5 Bxg5 50. hxg5 Nf5 51. Kc4 a4 52. Bb2 Kd6 53. Kd3 Kc5 54. Ba3+ Kd5 55. Bb2 Kd6 56. Ke2 Kc5 0-1

[Event "Montserrat op"]
[Site "Montserrat"]
[Date "2023.08.28"]
[Round "1"]
[White "Marques Montolio, Luis"]
[Black "Granero Roca, Antonio"]
[Result "0-1"]
[WhiteElo "1474"]
[BlackElo "2305"]
[PlyCount "60"]
[EventDate "2023.08.28"]
[EventType "swiss"]
[EventRounds "9"]
[EventCountry "ESP"]
[SourceTitle "EXT 2024"]
[Source "ChessBase"]
[SourceDate "2023.10.10"]
[SourceVersion "1"]
[SourceVersionDate "2023.10.10"]
[SourceQuality "1"]

1. e4 c6 2. d4 d5 3. Nc3 dxe4 4. Nxe4 Bf5 5. Ng3 Bg6 6. Nf3 Nd7 7. Bd3 e6 8. 0-0 Be7 9. c3 Ngf6 10. h3 Qc7 11. Re1 0-0 12. Bxg6 hxg6 13. Qe2 c5 14. Ng5 Qc6 15. N5e4 cxd4 16. cxd4 Rac8 17. Bf4 Qd5 18. Qd3 Nb6 19. b3 Rfd8 20. Red1 Qa5 21. Bd2 Bb4 22. Nxf6+ gxf6 23. Ne4 Nd5 24. Bxb4 Qxb4 25. Qf3 f5 26. Ng5 Rc3 27. Rd3 Rxd3 28. Qxd3 Nf4 29. Qc2 Qxd4 30. Nf3 Qxa1+ 0-1

[Event "Mutxamel 5th"]
[Site "Mutxamel"]
[Date "2023.08.21"]
[Round "2"]
[White "Granero Roca, Antonio"]
[Black "Villa Tornero, Alex"]
[Result "0-1"]
[WhiteElo "2305"]
[BlackElo "2225"]
[PlyCount "94"]
[EventDate "2023.08.21"]
[EventType "tourn"]
[EventRounds "9"]
[EventCountry "ESP"]
[EventCategory "2"]
[SourceTitle "CBM 215 Extra"]
[Source "ChessBase"]
[SourceDate "2023.09.30"]
[SourceVersion "1"]
[SourceVersionDate "2023.09.30"]
[SourceQuality "1"]

1. Nf3 Nf6 2. c4 e6 3. d4 c5 4. g3 cxd4 5. Nxd4 Qc7 6. Nc3 a6 7. e4 Bb4 8. Qe2 Qe5 9. Nc2 Bxc3+ 10. bxc3 Qxc3+ 11. Kd1 d6 12. Bd2 Qb2 13. Qf3 e5 14. h3 Nc6 15. Bc3 Qb6 16. Bd3 0-0 17. Qe3 Qc5 18. Rb1 Be6 19. Kd2 Bxc4 20. Rxb7 Bxd3 21. Kxd3 Rfd8 22. Rhb1 Rac8 23. Qxc5 dxc5+ 24. Ke3 c4 25. Ne1 Nd4 26. R1b2 Nb5 27. Ba5 Rd4 28. f3 c3 29. Rc2 Ra4 30. Bb6 Nd6 31. Rc7 Nc4+ 32. Rxc4 Rcxc4 33. Kd3 Nd7 34. Be3 Nc5+ 35. Bxc5 Rxc5 36. Ke3 f6 37. Nd3 Rcc4 38. Nc1 Kf7 39. Ne2 Ke6 40. Kd3 Rc7 41. Nxc3 Rd4+ 42. Ke2 h5 43. Rc1 h4 44. gxh4 Kf7 45. Ke3 Kg8 46. f4 Rdc4 47. Kd3 exf4 0-1

[Event "Monteolivete op 3rd"]
[Site "Alboraia"]
[Date "2023.07.18"]
[Round "2"]
[White "Granero Roca, Antonio"]
[Black "Janzelj, Tim"]
[Result "0-1"]
[WhiteElo "2318"]
[BlackElo "2453"]
[PlyCount "120"]
[EventDate "2023.07.17"]
[EventType "swiss"]
[EventRounds "9"]
[EventCountry "ESP"]
[SourceTitle "CBM 215 Extra"]
[Source "ChessBase"]
[SourceDate "2023.09.30"]
[SourceVersion "1"]
[SourceVersionDate "2023.09.30"]
[SourceQuality "1"]

1. d4 d5 2. c4 c6 3. Nf3 Nf6 4. Nc3 dxc4 5. a4 Bf5 6. e3 e6 7. Bxc4 Bb4 8. 0-0 0-0 9. Qe2 Bg6 10. Ne5 Nbd7 11. Nxg6 hxg6 12. Rd1 Qc7 13. e4 Nb6 14. Bb3 e5 15. d5 Rad8 16. a5 Nbd7 17. Qc4 Bxa5 18. d6 Qb6 19. Bg5 Nc5 20. Na4 Qxb3 21. Qxc5 Bb4 22. Qxa7 Rxd6 23. Rxd6 Bxd6 24. f3 b5 25. Nc5 Qxb2 26. Rd1 Qe2 27. Ra1 Rd8 28. Nb7 Bb8 29. Qa8 Re8 30. h3 b4 31. Qa4 Qc4 32. Rc1 Qd4+ 33. Kh2 Rc8 34. Nc5 Bd6 35. Qa6 Rb8 36. Nb3 Qb6 37. Qa4 Rc8 38. Nd2 Nh5 39. Nc4 Qf2 40. Be3 Qg3+ 41. Kg1 Nf4 42. Rc2 Bf8 43. Kf1 Rd8 44. Rb2 c5 45. Qc2 Be7 46. Rb1 Qh2 47. Bg1 Qh1 48. Nxe5 Bf6 49. Nc6 Bd4 50. Nxd4 Rxd4 51. Rb2 Kh7 52. e5 Rd3 53. Rb1 b3 54. Qf2 g5 55. Qg3 Kg6 56. Re1 c4 57. e6 fxe6 58. Qg4 Kf6 59. Qg3 c3 60. Qf2 c2 0-1

[Event "Valencia Cuna op 4th"]
[Site "Valencia"]
[Date "2023.07.13"]
[Round "6"]
[White "Grieve, Harry"]
[Black "Granero Roca, Antonio"]
[Result "1-0"]
[WhiteElo "2459"]
[BlackElo "2318"]
[PlyCount "69"]
[EventDate "2023.07.08"]
[EventType "swiss"]
[EventRounds "9"]
[EventCountry "ESP"]
[SourceTitle "CBM 215 Extra"]
[Source "ChessBase"]
[SourceDate "2023.09.30"]
[SourceVersion "1"]
[SourceVersionDate "2023.09.30"]
[SourceQuality "1"]

1. e4 e5 2. Nf3 Nc6 3. Bb5 a6 4. Ba4 Nf6 5. 0-0 Be7 6. Re1 b5 7. Bb3 d6 8. c3 0-0 9. h3 Re8 10. d4 Bf8 11. Nbd2 Bb7 12. d5 Ne7 13. Nf1 Ng6 14. N3h2 c6 15. Ng4 Nxg4 16. dxc6 Bxc6 17. hxg4 Qb6 18. Bd5 Rac8 19. Ne3 Ne7 20. Qb3 Nxd5 21. Nxd5 Qb7 22. Rd1 Bxd5 23. Qxd5 Qxd5 24. Rxd5 Rc5 25. a4 Rxd5 26. exd5 Rc8 27. axb5 axb5 28. Be3 f6 29. Ra7 Rb8 30. b4 g6 31. Rc7 f5 32. Ba7 Ra8 33. c4 bxc4 34. b5 c3 35. b6 1-0

[Event "Valencia Cuna op 4th"]
[Site "Valencia"]
[Date "2023.07.11"]
[Round "4"]
[White "Kjartansson, Gudmundur"]
[Black "Granero Roca, Antonio"]
[Result "1-0"]
[WhiteElo "2444"]
[BlackElo "2318"]
[PlyCount "79"]
[EventDate "2023.07.08"]
[EventType "swiss"]
[EventRounds "9"]
[EventCountry "ESP"]
[SourceTitle "CBM 215 Extra"]
[Source "ChessBase"]
[SourceDate "2023.09.30"]
[SourceVersion "1"]
[SourceVersionDate "2023.09.30"]
[SourceQuality "1"]

1. d4 Nf6 2. c4 e6 3. Nf3 Bb4+ 4. Nbd2 b6 5. a3 Bxd2+ 6. Qxd2 Bb7 7. e3 d6 8. b4 a5 9. Bb2 Nbd7 10. Be2 0-0 11. 0-0 Ne4 12. Qd3 f5 13. Nd2 Nxd2 14. Qxd2 Qg5 15. f3 Rf6 16. Rf2 Rg6 17. bxa5 Rxa5 18. a4 Qd8 19. Bc3 Ra8 20. a5 bxa5 21. Bxa5 e5 22. Rb1 Qc8 23. c5 f4 24. Bc3 fxe3 25. Qxe3 exd4 26. Bxd4 Nxc5 27. Bxc5 dxc5 28. Qb3+ Kh8 29. Qxb7 Qd8 30. Rd1 Rd6 31. Rxd6 cxd6 32. Qd5 Rb8 33. Bd3 Qf6 34. g4 g6 35. Kg2 Qf4 36. Bc4 Re8 37. Ra2 Qf6 38. g5 Qf8 39. Ra7 Re5 40. Ra8 1-0

[Event "Alicante IM Teams 3rd"]
[Site "Alicante"]
[Date "2023.07.06"]
[Round "8"]
[White "Granero Roca, Antonio"]
[Black "Macias Pino, Diego"]
[Result "1/2-1/2"]
[WhiteElo "2318"]
[BlackElo "2433"]
[PlyCount "61"]
[EventDate "2023.07.03"]
[EventType "schev"]
[EventRounds "9"]
[EventCountry "ESP"]
[SourceTitle "CBM 215 Extra"]
[Source "ChessBase"]
[SourceDate "2023.09.30"]
[SourceVersion "1"]
[SourceVersionDate "2023.09.30"]
[SourceQuality "1"]
[WhiteTeam "Team A"]
[BlackTeam "Team C"]
[WhiteTeamCountry "ESP"]
[BlackTeamCountry "ESP"]

1. Nf3 d5 2. c4 e6 3. d4 Nf6 4. Nc3 dxc4 5. e3 a6 6. a4 c5 7. Bxc4 cxd4 8. exd4 Nc6 9. 0-0 Nb4 10. Bg5 Be7 11. Re1 0-0 12. Ne5 Nfd5 13. Nxd5 Nxd5 14. Bxe7 Nxe7 15. Qd3 Bd7 16. d5 exd5 17. Bxd5 Bf5 18. Be4 Bxe4 19. Rxe4 Ng6 20. Qb3 Nxe5 21. Rxe5 Qc7 22. Rae1 Rad8 23. g3 g6 24. h4 h5 25. Re7 Rd7 26. Qb4 Rxe7 27. Rxe7 Qc1+ 28. Kh2 Qc2 29. Kg2 Qc6+ 30. Kh2 Qc2 31. Kg2 1/2-1/2

[Event "Alicante IM Teams 3rd"]
[Site "Alicante"]
[Date "2023.07.06"]
[Round "7"]
[White "Yurkovskiy, Ivan"]
[Black "Granero Roca, Antonio"]
[Result "0-1"]
[WhiteElo "2212"]
[BlackElo "2318"]
[PlyCount "102"]
[EventDate "2023.07.03"]
[EventType "schev"]
[EventRounds "9"]
[EventCountry "ESP"]
[SourceTitle "CBM 215 Extra"]
[Source "ChessBase"]
[SourceDate "2023.09.30"]
[SourceVersion "1"]
[SourceVersionDate "2023.09.30"]
[SourceQuality "1"]
[WhiteTeam "Team D"]
[BlackTeam "Team A"]
[WhiteTeamCountry "ESP"]
[BlackTeamCountry "ESP"]

1. d4 Nf6 2. g3 g6 3. Bg2 Bg7 4. c4 c5 5. e3 0-0 6. Ne2 cxd4 7. exd4 d5 8. c5 b6 9. Nbc3 e6 10. Bf4 Nc6 11. Bd6 bxc5 12. Bxf8 Qxf8 13. dxc5 Qxc5 14. 0-0 Qb4 15. Qa4 Qxa4 16. Nxa4 Ba6 17. Rfe1 Nd7 18. a3 Rb8 19. Rac1 Bb5 20. Nec3 Bc4 21. b4 Nce5 22. Nb2 Bb3 23. f4 Ng4 24. Ncd1 Nb6 25. Bf1 h5 26. Rc7 Bd4+ 27. Kg2 Na4 28. h3 Nf6 29. Nd3 Bb6 30. Rc1 Kg7 31. Ne5 Rd8 32. Bd3 Ne4 33. Bc2 Bxc2 34. Rxc2 f6 35. Nc6 Rd7 36. Nb8 Rb7 37. Na6 f5 38. Rc8 d4 39. g4 d3 40. b5 Rd7 41. Nb4 d2 42. Rf1 Bc5 43. gxh5 gxh5 44. Kf3 Kh7 45. Na6 Bb6 46. Rc4 Rd3+ 47. Ke2 Rxa3 48. Rf3 Ra1 49. Rd3 Rxd1 50. Rd7+ Kg6 51. Kxd1 Nb2+ 0-1

[Event "Alicante IM Teams 3rd"]
[Site "Alicante"]
[Date "2023.07.04"]
[Round "3"]
[White "Granero Roca, Antonio"]
[Black "Luque Saiz, Andres"]
[Result "1/2-1/2"]
[WhiteElo "2318"]
[BlackElo "2286"]
[PlyCount "83"]
[EventDate "2023.07.03"]
[EventType "schev"]
[EventRounds "9"]
[EventCountry "ESP"]
[SourceTitle "CBM 215 Extra"]
[Source "ChessBase"]
[SourceDate "2023.09.30"]
[SourceVersion "1"]
[SourceVersionDate "2023.09.30"]
[SourceQuality "1"]
[WhiteTeam "Team A"]
[BlackTeam "Team B"]
[WhiteTeamCountry "ESP"]
[BlackTeamCountry "ESP"]

1. c4 c6 2. Nf3 Nf6 3. b3 d5 4. Bb2 Bf5 5. d3 e6 6. Nbd2 h6 7. g3 a5 8. a3 Be7 9. Bg2 0-0 10. 0-0 Bh7 11. Qc2 Nbd7 12. Ne5 Nxe5 13. Bxe5 Qb6 14. h3 Nd7 15. Bb2 d4 16. f4 e5 17. f5 g6 18. fxg6 Bxg6 19. g4 h5 20. Ne4 hxg4 21. hxg4 f6 22. Bc1 Kg7 23. Ng3 Nc5 24. Rb1 Rh8 25. Nf5+ Bxf5 26. gxf5 Rag8 27. b4 axb4 28. axb4 Nd7 29. c5 Qc7 30. Qc4 Kf8 31. Bd2 e4 32. Bf4 Ne5 33. Qxd4 Nf3+ 34. Rxf3 exf3 35. Kf2 Qc8 36. Bxf3 Qxf5 37. Ra1 Rh4 38. Ke3 Qe6+ 39. Kd2 Kf7 40. Ra7 Rd8 41. Qe3 Qxe3+ 42. Kxe3 1/2-1/2

[Event "Alicante IM Teams 3rd"]
[Site "Alicante"]
[Date "2023.07.03"]
[Round "1"]
[White "Granero Roca, Antonio"]
[Black "Bendayan Claros, Aaron Arturo"]
[Result "1-0"]
[WhiteElo "2318"]
[BlackElo "2271"]
[PlyCount "63"]
[EventDate "2023.07.03"]
[EventType "schev"]
[EventRounds "9"]
[EventCountry "ESP"]
[SourceTitle "CBM 215 Extra"]
[Source "ChessBase"]
[SourceDate "2023.09.30"]
[SourceVersion "1"]
[SourceVersionDate "2023.09.30"]
[SourceQuality "1"]
[WhiteTeam "Team A"]
[BlackTeam "Team D"]
[WhiteTeamCountry "ESP"]
[BlackTeamCountry "ESP"]

1. c4 e6 2. Nc3 d5 3. d4 Nf6 4. cxd5 exd5 5. Bg5 Bb4 6. Qa4+ Nc6 7. e3 h6 8. Bxf6 Qxf6 9. Bb5 0-0 10. Nge2 Bxc3+ 11. bxc3 Ne7 12. 0-0 Bf5 13. Ng3 Bg6 14. Be2 c5 15. Bf3 Qd6 16. Rfd1 Rfc8 17. Qa3 b5 18. Rac1 Qb6 19. Ne2 a5 20. Nf4 Be4 21. Bxe4 dxe4 22. h3 Rc7 23. c4 cxd4 24. Rxd4 f5 25. cxb5 Rxc1+ 26. Qxc1 Qxb5 27. Qc7 Re8 28. Rd7 Qb4 29. Nd5 Qe1+ 30. Kh2 Qxf2 31. Nxe7+ Kh7 32. Nd5 1-0

[Event "San Vicente del Raspeig op 3rd"]
[Site "San Vicente del Raspeig"]
[Date "2022.12.30"]
[Round "8"]
[White "Exposito Milan, Adrian"]
[Black "Granero Roca, Antonio"]
[Result "0-1"]
[WhiteElo "1947"]
[BlackElo "2345"]
[PlyCount "112"]
[EventDate "2022.12.26"]
[EventType "swiss"]
[EventRounds "9"]
[EventCountry "ESP"]
[SourceTitle "CBM 212 Extra"]
[Source "ChessBase"]
[SourceDate "2023.03.31"]
[SourceVersion "1"]
[SourceVersionDate "2023.03.31"]
[SourceQuality "1"]

1. d4 Nf6 2. Bf4 g6 3. e3 Bg7 4. Nf3 d6 5. h3 0-0 6. Be2 Nbd7 7. 0-0 c5 8. c3 b6 9. Nbd2 Bb7 10. a4 a6 11. Bh2 Qc7 12. Bd3 Rfe8 13. Qe2 e5 14. dxe5 Nxe5 15. Nxe5 dxe5 16. Rfd1 Qc6 17. f3 Qe6 18. Bc4 Qe7 19. e4 Nh5 20. Nf1 Bh6 21. Ne3 Rad8 22. Nd5 Bxd5 23. Bxd5 a5 24. Bc6 Rf8 25. Rxd8 Rxd8 26. Rd1 Be3+ 27. Kh1 Bf4 28. Bd5 Kg7 29. Qf2 Bxh2 30. Kxh2 f5 31. g3 Qg5 32. exf5 gxf5 33. c4 Rd6 34. h4 Qe7 35. Qc2 f4 36. g4 Qxh4+ 37. Kg2 Qg3+ 38. Kf1 Nf6 39. Qf5 e4 40. fxe4 Qxg4 41. Qxg4+ Nxg4 42. Ke2 Ne5 43. Rf1 Rf6 44. b3 h5 45. Rg1+ Rg6 46. Rf1 Rg4 47. Be6 Rg2+ 48. Kd1 f3 49. Bh3 Rh2 50. Bf5 Kf6 51. Rg1 Rg2 52. Rh1 Kg5 53. Bh3 Kf4 54. Bxg2 fxg2 55. Rg1 Kg3 56. Ke2 h4 0-1

[Event "San Vicente del Raspeig op 3rd"]
[Site "San Vicente del Raspeig"]
[Date "2022.12.28"]
[Round "4"]
[White "Odriozola Coscolin, Alex"]
[Black "Granero Roca, Antonio"]
[Result "1/2-1/2"]
[WhiteElo "2035"]
[BlackElo "2345"]
[PlyCount "57"]
[EventDate "2022.12.26"]
[EventType "swiss"]
[EventRounds "9"]
[EventCountry "ESP"]
[SourceTitle "CBM 212 Extra"]
[Source "ChessBase"]
[SourceDate "2023.03.31"]
[SourceVersion "1"]
[SourceVersionDate "2023.03.31"]
[SourceQuality "1"]

1. d4 Nf6 2. c4 e6 3. g3 Bb4+ 4. Bd2 Qe7 5. Nf3 Nc6 6. Nc3 Bxc3 7. Bxc3 Ne4 8. Rc1 0-0 9. Bg2 d6 10. d5 Nxc3 11. Rxc3 Nd8 12. 0-0 e5 13. c5 f5 14. cxd6 cxd6 15. Qd2 f4 16. Rfc1 Bg4 17. gxf4 Rxf4 18. Rc4 Bxf3 19. Bxf3 Rf8 20. Kh1 Kh8 21. Rg1 Qf6 22. Qg5 Qxg5 23. Rxg5 Nf7 24. Rg1 Rac8 25. Rgc1 Rxc4 26. Rxc4 Ng5 27. Rc7 g6 28. Kg2 Rf7 29. Rc8+ 1/2-1/2

[Event "San Vicente del Raspeig op 3rd"]
[Site "San Vicente del Raspeig"]
[Date "2022.12.26"]
[Round "1"]
[White "Granero Roca, Antonio"]
[Black "Herrera Pezo, Enoch"]
[Result "1-0"]
[WhiteElo "2345"]
[BlackElo "1612"]
[PlyCount "77"]
[EventDate "2022.12.26"]
[EventType "swiss"]
[EventRounds "9"]
[EventCountry "ESP"]
[SourceTitle "CBM 212 Extra"]
[Source "ChessBase"]
[SourceDate "2023.03.31"]
[SourceVersion "1"]
[SourceVersionDate "2023.03.31"]
[SourceQuality "1"]

1. d4 d5 2. c4 dxc4 3. e4 e6 4. Nc3 a6 5. a4 Nf6 6. Bxc4 Be7 7. Nf3 b6 8. 0-0 Bb7 9. Qe2 0-0 10. Rd1 Nbd7 11. Bf4 Nh5 12. Be3 Nhf6 13. e5 Nd5 14. Nxd5 exd5 15. Ba2 Re8 16. Rac1 Nf8 17. Ne1 Qd7 18. Qc2 Rac8 19. Nd3 Qg4 20. h3 Qd7 21. b4 Ne6 22. Qb3 Bg5 23. f4 Be7 24. Rf1 g6 25. f5 gxf5 26. Bb1 Ng5 27. Nf4 Ne4 28. Nh5 Qe6 29. Rf3 Kh8 30. Rcf1 Rg8 31. Rxf5 Qg6 32. Bxe4 dxe4 33. g4 Rcf8 34. Kh2 Bc8 35. Rf6 Bxf6 36. Rxf6 Qxf6 37. Nxf6 Rg6 38. Qc4 Be6 39. d5 1-0

[Event "Benidorm Bali op-A"]
[Site "Benidorm"]
[Date "2022.12.07"]
[Round "6"]
[White "Tscharotschkin, Michael"]
[Black "Granero Roca, Antonio"]
[Result "1/2-1/2"]
[WhiteElo "2137"]
[BlackElo "2345"]
[PlyCount "103"]
[EventDate "2022.12.03"]
[EventType "swiss"]
[EventRounds "9"]
[EventCountry "ESP"]
[SourceTitle "CBM 211 Extra"]
[Source "ChessBase"]
[SourceDate "2023.01.31"]
[SourceVersion "1"]
[SourceVersionDate "2023.01.31"]
[SourceQuality "1"]

1. e4 e5 2. Nf3 Nc6 3. c3 Nf6 4. d4 exd4 5. e5 Nd5 6. cxd4 Bb4+ 7. Bd2 Bxd2+ 8. Nbxd2 d6 9. Bb5 0-0 10. 0-0 Nce7 11. Ne4 Ng6 12. exd6 cxd6 13. g3 a6 14. Ba4 Bg4 15. Qd3 Nb4 16. Qa3 a5 17. Rfc1 d5 18. Ned2 Rc8 19. Qb3 Bf5 20. Rxc8 Qxc8 21. Ne1 Qe6 22. a3 Nc6 23. Nef3 Qf6 24. Bxc6 bxc6 25. Re1 h5 26. Qc3 Rb8 27. Ne5 Nxe5 28. Rxe5 a4 29. Re1 c5 30. dxc5 d4 31. Qc1 Qc6 32. Qc4 d3 33. Qf4 Rxb2 34. Qxf5 Rxd2 35. Rb1 Qg6 36. Qxg6 fxg6 37. Kf1 Kf7 38. Rb4 Ke6 39. Rxa4 Kd5 40. Ra7 Kc6 41. Ke1 Re2+ 42. Kd1 Rxf2 43. Rxg7 Rxh2 44. Rxg6+ Kxc5 45. a4 Kd4 46. a5 Ra2 47. Rg5 Ke3 48. Re5+ Kf3 49. Rxh5 Kxg3 50. Rd5 Kf4 51. Rxd3 Rxa5 52. Ke2 1/2-1/2